<?xml version="1.0" encoding="UTF-8"?>
<record
    xmlns:xsi="http://www.w3.org/2001/XMLSchema-instance"
    xsi:schemaLocation="http://www.loc.gov/MARC21/slim http://www.loc.gov/standards/marcxml/schema/MARC21slim.xsd"
    xmlns="http://www.loc.gov/MARC21/slim">

  <leader>00796    a2200229   4500</leader>
  <controlfield tag="003">OSt</controlfield>
  <controlfield tag="005">20230623090848.0</controlfield>
  <controlfield tag="008">230131s2016    mx a||||r|||| 00| 0 spa d</controlfield>
  <datafield tag="020" ind1=" " ind2=" ">
    <subfield code="a">9786071727145</subfield>
  </datafield>
  <datafield tag="040" ind1=" " ind2=" ">
    <subfield code="c">CHAP</subfield>
  </datafield>
  <datafield tag="082" ind1="0" ind2="0">
    <subfield code="2">22</subfield>
    <subfield code="a">570.15195</subfield>
    <subfield code="b">B38</subfield>
  </datafield>
  <datafield tag="100" ind1="1" ind2=" ">
    <subfield code="9">187455</subfield>
    <subfield code="a">Becerril Fonseca, Rub&#xE9;n</subfield>
  </datafield>
  <datafield tag="245" ind1="0" ind2="0">
    <subfield code="a">Biomatem&#xE1;ticas I :</subfield>
    <subfield code="b">relaciones funcionales en ciencias biol&#xF3;gicas y de la salud /</subfield>
    <subfield code="c">por Rub&#xE9;n Becerril Fonseca y J. Guadalupe Reyes Victoria.</subfield>
  </datafield>
  <datafield tag="264" ind1=" " ind2="1">
    <subfield code="a">Ciudad de M&#xE9;xico :</subfield>
    <subfield code="b">Trillas,</subfield>
    <subfield code="c">2016.</subfield>
  </datafield>
  <datafield tag="300" ind1=" " ind2=" ">
    <subfield code="a">222 p&#xE1;ginas:</subfield>
    <subfield code="b">ejercicios, figuras.</subfield>
  </datafield>
  <datafield tag="504" ind1=" " ind2=" ">
    <subfield code="a">Incluye bibliograf&#xED;a.</subfield>
  </datafield>
  <datafield tag="650" ind1=" " ind2="4">
    <subfield code="9">139486</subfield>
    <subfield code="a">Biomatem&#xE1;ticas</subfield>
  </datafield>
  <datafield tag="650" ind1=" " ind2="4">
    <subfield code="9">132435</subfield>
    <subfield code="a">Funciones (Matem&#xE1;ticas)</subfield>
  </datafield>
  <datafield tag="650" ind1=" " ind2="4">
    <subfield code="9">12773</subfield>
    <subfield code="a">Biolog&#xED;a</subfield>
  </datafield>
  <datafield tag="700" ind1="1" ind2=" ">
    <subfield code="9">187456</subfield>
    <subfield code="a">Reyes Victoria, J. Guadalupe</subfield>
  </datafield>
  <datafield tag="942" ind1=" " ind2=" ">
    <subfield code="c">Libro</subfield>
    <subfield code="2">ddc</subfield>
  </datafield>
  <datafield tag="999" ind1=" " ind2=" ">
    <subfield code="c">218196</subfield>
    <subfield code="d">218196</subfield>
  </datafield>
  <datafield tag="952" ind1=" " ind2=" ">
    <subfield code="0">0</subfield>
    <subfield code="1">0</subfield>
    <subfield code="2">ddc</subfield>
    <subfield code="4">0</subfield>
    <subfield code="5">2</subfield>
    <subfield code="7">0</subfield>
    <subfield code="8">GRAL</subfield>
    <subfield code="a">BC</subfield>
    <subfield code="b">BC</subfield>
    <subfield code="c">PA_GRAL</subfield>
    <subfield code="d">2023-06-22</subfield>
    <subfield code="l">0</subfield>
    <subfield code="o">570.15195 B38</subfield>
    <subfield code="p">33724002577040</subfield>
    <subfield code="r">2023-06-22 00:00:00</subfield>
    <subfield code="w">2023-06-22</subfield>
    <subfield code="y">LIBRO</subfield>
  </datafield>
  <datafield tag="952" ind1=" " ind2=" ">
    <subfield code="0">0</subfield>
    <subfield code="1">0</subfield>
    <subfield code="2">ddc</subfield>
    <subfield code="4">0</subfield>
    <subfield code="5">2</subfield>
    <subfield code="7">0</subfield>
    <subfield code="8">GRAL</subfield>
    <subfield code="a">BC</subfield>
    <subfield code="b">BC</subfield>
    <subfield code="c">PA_GRAL</subfield>
    <subfield code="d">2023-06-22</subfield>
    <subfield code="l">0</subfield>
    <subfield code="o">570.15195 B38</subfield>
    <subfield code="p">33724002577082</subfield>
    <subfield code="r">2023-06-22 00:00:00</subfield>
    <subfield code="t">c.2</subfield>
    <subfield code="w">2023-06-22</subfield>
    <subfield code="y">LIBRO</subfield>
  </datafield>
</record>
